LIBRARY & INFORMATION CENTRE, KCAET, TAVANUR

ONLINE PUBLIC ACCESS CATALOGUE (OPAC)

Advances in Agronomy, Vol - 13 / (Record no. 379)

MARC details
000 -LEADER
fixed length control field 00265cam a2200109ua 4500
082 ## - DEWEY DECIMAL CLASSIFICATION NUMBER
Classification number 630.21
Item number NOR/AD
100 ## - MAIN ENTRY--AUTHOR NAME
Personal name Norman, A. G.
245 ## - TITLE STATEMENT
Title Advances in Agronomy, Vol - 13 /
260 ## - PUBLICATION, DISTRIBUTION, ETC. (IMPRINT)
Place of publication New York :
Name of publisher Academic Press ,
Year of publication 1955.
300 ## - PHYSICAL DESCRIPTION
Number of Pages 386 ; .
942 ## - ADDED ENTRY ELEMENTS (KOHA)
Koha item type Books
Holdings
Withdrawn status Lost status Damaged status Home library Current library Date acquired Full call number Accession Number Koha item type
      KAUAET KAUAET 07/04/2012 630.21 10220 Books
free website counter